000 01520cam a22004574i 4500
003 PE-LiUPU
005 20250731173058.0
008 150623s1967 tnu rb 000 0 eng d
020 _a0805423095
035 _a(Sirsi) i9780805423099
040 _aPE-LiUPU
_bspa
_cPE-LiUPU
_erda
049 _aPRUA
082 0 4 _a264
_bS36Ch
_221
100 1 _aSegler, Franklin M.,
_eautor.
245 1 0 _aChristian worship :
_bits theology and practice /
_cFranklin M. Segler.
264 1 _aNashville, Tennessee :
_bBroadman Press,
_c1967.
300 _a245 páginas ;
_c21 centímetros
336 _atext
_2rdacontent
337 _aunmediated
_2rdamedia
338 _avolume
_2rdacarrier
504 _aIncluye bibliografía.
505 0 _aThe meaning of worship -- Planning and conducting worship.
526 _aSEG42
526 _aSEG41
526 _aSEG40
526 _aSEG39
526 _aP94
526 _aP87
526 _aP86
526 _aP85
526 _aP77
526 _aP76
526 _aP35
650 0 4 _aCulto y adoración.
942 _2ddc
_cBOOK
949 _a264 S36CH
_wDEWEY
_c1
_i48657
_lCCODEBUL1
_mBUL
_r0
_sY
_tBOOK
_u2015-6-24
_xTEOLOGIA
_PP35
_0COMPRA
_o.STAFF. Colección General
994 _aC0
_bPEPRU
596 _a1
999 _a264 S36CH
_wDEWEY
_c27828
_i48657
_d27828
_e2017-6-23
_f2021-11-30
_g5
_lCCODEBUL1
_mBUL
_n1
_p22.00
_q1
_r0
_sY
_tBOOK
_u2015-6-24
_xTEOLOGIA
_PP35
_0COMPRA
_o.STAFF. Colección Teología
980 _81
_gALBERTO SANCHEZ Responsable de Automatización